000 00263nam a2200109Ia 4500
001 1263280
005 20260417141902.0
008 260417s9999 xx 000 0 und d
020 _a9789752896147
245 0 _aKaçak
_cOrhan Kemal
260 _bEverest Yayınları
999 _c1263280
_d1263280